000 00823nam a2200229 i 4500
001 11358
003 ES-MaACL
005 20250905101955.0
007 t|
008 960425s1986 sp a |||| | spa d
080 _a727.7(460.27 M.)
245 0 0 _aRestauración y proyectos de interiores [del Centro de Arte Reina Sofía].
260 _aMadrid :
_bMinisterio de Cultura,
_c1986.
300 _a55 p. :
_bil. ;
_c30 cm.
490 1 _aCentro de Arte Reina Sofía. Documentos de trabajo ;
_v6
610 2 7 _aMuseo Nacional Centro de Arte Reina Sofía
_2
_9147737
650 4 _aArquitectura-
_xRestauración.
_9142939
710 1 _aEspaña.
_bMinisterio de Cultura
_93850
830 0 _aCentro de Arte Reina Sofía. Documentos de trabajo ;
_v6
_9179024
852 _aES-MaACL
_j2152-F-3
999 _c11358
_d11358